| 000 | 00604nam a2200217Ia 4500 | ||
|---|---|---|---|
| 005 | 20250508151643.0 | ||
| 008 | 008 250505s9999 xx 000 0 eng d | ||
| 037 | _aTextual | ||
| 040 |
_aFEDL _beng _cFEDL |
||
| 041 |
_aeng _2eng |
||
| 084 |
_a020, CHA _qFEDL |
||
| 100 |
_aChandrasekharan K Ed. _943967 |
||
| 245 | 0 | _aLibrary science in India | |
| 260 |
_aMadras, India _bMadras Library Association _c1953 |
||
| 300 | _axiii,203p | ||
| 365 |
_aINR _b8 |
||
| 490 | _aMadras library association | ||
| 650 | _aLibrary science | ||
| 942 |
_cTEXL _h020, CHA |
||
| 999 |
_c1331179 _d1331179 |
||